000 00383nam a2200145 i 4500
001 bg
245 0 _aElektrotechnika teoretyczna :
_blaboratorium /
_cpod red. S. Smolińskiego.
260 _aKielce,
_c1982.
700 1 _aSmoliński, Sławomir.
_eRed.
040 _cBPK
041 _apol
080 _a621.3(075.8) (076)
942 _cKS
008 s pl f |000 0 pol
999 _c21068
_d21068
856 _uhttp://koha.tu.koszalin.pl/cgi-bin/koha/opac-detail.pl?biblionumber=21068
_yKatalog online BPK